Catálogo público

Daños y control de malas hierbas en el cultivo de arroz de temporal en el centro del estado de Veracruz y norte de Oaxaca / (Record no. 209267)

MARC details
000 -CABECERA
campo de control de longitud fija 00847nam a2200265Ia 4500
001 - NÚMERO DE CONTROL
campo de control dia_4052
003 - IDENTIFICADOR DEL NÚMERO DE CONTROL
campo de control CHAP
005 - FECHA Y HORA DE LA ÚLTIMA TRANSACCIÓN
campo de control 20230111183648.0
007 - CAMPO FIJO DE DESCRIPCIÓN FÍSICA--INFORMACIÓN GENERAL
campo de control de longitud fija ta
008 - DATOS DE LONGITUD FIJA--INFORMACIÓN GENERAL
campo de control de longitud fija 220601s9999 mx 000 0 spa d
040 ## - FUENTE DE LA CATALOGACIÓN
Centro catalogador/agencia de origen mxchpua
Centro/agencia transcriptor CHAP
090 ## - LOCALMENTE ASIGNADO TIPO-LC NÚMERO DE CLASIFICACIÓN (OCLC); NÚMERO DE CLASIFICACIÓN LOCAL (RLIN)
Número de clasificación (OCLC) (R) ; Numero de clasificación, CALL (RLIN) (NR) FOLLETO 2376
100 1# - ENTRADA PRINCIPAL--NOMBRE DE PERSONA
Nombre de persona Esqueda Esquivel, Valentin A.
9 (RLIN) 175710
245 13 - MENCIÓN DE TÍTULO
Título Daños y control de malas hierbas en el cultivo de arroz de temporal en el centro del estado de Veracruz y norte de Oaxaca /
Mención de responsabilidad, etc. Valentin A. Esqueda Esquivel
300 ## - DESCRIPCIÓN FÍSICA
Extensión 60 páginas
500 ## - NOTA GENERAL
Nota general S/c (Folleto de investigación, 65)
650 17 - PUNTO DE ACCESO ADICIONAL DE MATERIA--TÉRMINO DE MATERIA
Término de materia o nombre geográfico como elemento de entrada Arroz
9 (RLIN) 7554
Subdivisión general Cultivo
650 17 - PUNTO DE ACCESO ADICIONAL DE MATERIA--TÉRMINO DE MATERIA
Término de materia o nombre geográfico como elemento de entrada Arroz
9 (RLIN) 7554
Subdivisión geográfica Veracruz
700 ## - PUNTO DE ACCESO ADICIONAL--NOMBRE DE PERSONA
Nombre de persona INIAÌ
9 (RLIN) 175712
942 ## - ELEMENTOS DE PUNTO DE ACCESO ADICIONAL (KOHA)
Tipo de ítem Koha Folleto
Fuente del sistema de clasificación o colocación local
260 ## - PUBLICACIÓN, DISTRIBUCIÓN, ETC.
Lugar de publicación, distribución, etc. México :
Nombre del editor, distribuidor, etc. INIA,
901 ## - ELEMENTOS DE DATOS A LOCAL LDA (RLIN)
a FOLLETO 2376
902 ## - ELEMENTOS DE DATOS B LOCAL, LDB (RLIN)
a M
905 ## - ELEMENTOS DE DATOS E LOCAL, LDE (RLIN)
a 0000001985 mx 0000000000spa00
Holdings
Estado de retiro Estado de pérdida Fuente del sistema de clasificación o colocación Estado dañado Restricciones de uso No para préstamo Código de colección Localización permanente Ubicación/localización actual Fecha de adquisición Total de préstamos Signatura topográfica completa Código de barras Fecha visto por última vez Número de copia Precio válido a partir de Tipo de ítem Koha
    Clasificación Universidad Autónoma de Chapingo   Préstamo interno   Folletos Ingenieria Agroindustrial Ingenieria Agroindustrial 01/06/2022   FOLLETO 2376 dia_FOLLETO 2376 01/06/2022 2 01/06/2022 Folleto